000 00705cam a22002413a 4500
001 29393
003 PGUSA
005 20140828083633.0
008 091024s2009||||xxu|||||s|||||000 | eng d
040 _aPGUSA
_beng
042 _adc
050 4 _aHN
100 1 _aClark, John Bates,
_d1847-1938
245 1 0 _aSocial Justice Without Socialism
_h[electronic resource] /
_cJohn Bates Clark
260 _bProject Gutenberg,
_c2009
506 _aPublic domain in the USA.
516 _aElectronic text
653 _aIndustrial policy
653 _aUnited States -- Social conditions -- 1865-1918
830 0 _aProject Gutenberg
_v29393
856 4 0 _uhttp://www.gutenberg.org/ebooks/29393
942 _cEB
999 _c258648
_d258648